000 00601nam a2200205Ia 4500
005 20250923150108.0
008 008 250917s9999 xx 000 0 eng d
037 _aTextual
040 _aDSWL
_beng
_cDSWL
041 _aeng
_2eng
084 _aY:9B.243, PO1
_qDSWL
100 _aSharma, B K
_9842171
245 0 _aSocio economic profile of child la bour in a developing economy
_c by B K Sharma
260 _aMumbai
_bHimalya Publishing House
_c2001
300 _a227p.
365 _aINR
_b360
925 _g360
942 _cTEXL
_hY:9B.243, PO1
999 _c1459504
_d1459504